| 000 | 01518cam a22004095i 4500 | ||
|---|---|---|---|
| 999 |
_c7469 _d7469 |
||
| 001 | 20554829 | ||
| 003 | GBCCL | ||
| 005 | 20241126110629.0 | ||
| 008 | 170612s2017 ii a b 001 0 eng d | ||
| 010 | _a 2017354301 | ||
| 020 |
_a9788184656022 _q(paperback) |
||
| 020 | _a8184656025 | ||
| 025 | _aI-E-2017354301 ; 13-91 ; 69-91 | ||
| 035 | _a(OCoLC)ocn993090311 | ||
| 035 | _a(OCoLC)993090311 | ||
| 037 | _bLibrary of Congress -- New Delhi Overseas Office | ||
| 040 |
_aDKAGE _beng _erda _cDKAGE _dOCLCO _dOCLCF _dDLC |
||
| 042 |
_alccopycat _alcode |
||
| 050 | 4 |
_aBV4012.2 _b.G86 2017 |
|
| 082 | 0 | 4 |
_a259.428 _223 _bGUN |
| 100 | 1 |
_aGundimi, Vivek, _eauthor. _913161 |
|
| 245 | 1 | 0 |
_aSuicide : _ba theological and pastoral response / _cVivek Gundimi. |
| 264 | 1 |
_aDelhi : _bIndian Society for Promoting Christian Knowledge, _c2017. |
|
| 300 |
_axv, 120 pages : _billustrations (black and white) ; _c22 cm |
||
| 336 |
_atext _2rdacontent |
||
| 337 |
_aunmediated _2rdamedia |
||
| 338 |
_avolume _2rdacarrier |
||
| 504 | _aIncludes bibliographical references (pages 111-115) and index. | ||
| 650 | 0 |
_aSuicide. _95390 |
|
| 650 | 0 |
_aSuicide _xReligious aspects _xChristianity. _913162 |
|
| 650 | 7 |
_aSuicide. _2fast _0(OCoLC)fst01137578 _95390 |
|
| 650 | 7 |
_aSuicide _xReligious aspects _xChristianity. _2fast _0(OCoLC)fst01137599 _913162 |
|
| 710 | 2 |
_aI.S.P.C.K. (Organization), _epublisher. _9393 |
|
| 906 |
_a7 _bpar _ccopycat _d3 _encip _f20 _gy-gencatlg |
||
| 942 |
_2ddc _cBK _026 |
||